00528 2200193 4500245002700000020002200027250001100049100000800060700002300068700002200091650002000113005001900133260002700152041001400179084000800193300002700201500009700228336000900325 aBubble LovecFeihText a978-979-29-2610-5 aCet. 1 aFei aLia Indra Andriana aBenedicta Rini W. aNovel Indonesia a20231004143157 aYogyakartabANDIc2011 aIndonesia a813 aii, 158 hlm. :c19 cm. aVivian syok saat seon-ho tiba-tiba memustuskan tansan yang jelas. Vivian jelas tidak terima. atext